Revue francaise d'automatique informatique recherche operationelle
Na minha lista:
| Formato: | Periódico |
|---|---|
| Idioma: | francês |
| Publicado em: |
Paris
Dunod
1975
|
| Tags: |
Sem tags, seja o primeiro a adicionar uma tag!
|
MARC
| LEADER | 00000nas2a2200000$$$4500 | ||
|---|---|---|---|
| 001 | 0018607 | ||
| 005 | 20250730114401.4 | ||
| 041 | 0 | |a fre | |
| 044 | |a FR | ||
| 245 | 1 | 0 | |a Revue francaise d'automatique informatique recherche operationelle |
| 264 | 1 | |a Paris |b Dunod |c 1975 | |
| 300 | |a 1 zv. | ||
| 773 | 0 | |w eu_un_cat*0018561 | |